Microprocessors and interfacing : (Record no. 4)
[ view plain ]
| 000 -LEADER | |
|---|---|
| fixed length control field | 00855nam a22002777a 4500 |
| 001 - CONTROL NUMBER | |
| control field | 5749 |
| 003 - CONTROL NUMBER IDENTIFIER | |
| control field | BD-DhUAP |
| 005 - DATE AND TIME OF LATEST TRANSACTION | |
| control field | 20200120094212.0 |
| 008 - FIXED-LENGTH DATA ELEMENTS--GENERAL INFORMATION | |
| fixed length control field | 200120r20031992ii a b 001 0 eng d |
| 020 ## - INTERNATIONAL STANDARD BOOK NUMBER | |
| International Standard Book Number | 0070257426 |
| 020 ## - INTERNATIONAL STANDARD BOOK NUMBER | |
| International Standard Book Number | 0070257434 |
| 040 ## - CATALOGING SOURCE | |
| Original cataloging agency | DLC |
| Transcribing agency | DLC |
| Modifying agency | BD-DhUAP |
| Language of cataloging | Eng |
| 082 00 - DEWEY DECIMAL CLASSIFICATION NUMBER | |
| Edition number | 23 |
| Classification number | 005.26 HAL |
| 100 1# - MAIN ENTRY--PERSONAL NAME | |
| Personal name | Hall, Douglas V. |
| 245 10 - TITLE STATEMENT | |
| Title | Microprocessors and interfacing : |
| Remainder of title | programming and hardware / |
| Statement of responsibility, etc. | Douglas V. Hall. |
| 250 ## - EDITION STATEMENT | |
| Edition statement | 2nd ed. |
| 260 ## - PUBLICATION, DISTRIBUTION, ETC. | |
| Place of publication, distribution, etc. | New Delhi : |
| Name of publisher, distributor, etc. | Tata McGraw-Hill, |
| Date of publication, distribution, etc. | 1992 [Reprinted 2003]. |
| 300 ## - PHYSICAL DESCRIPTION | |
| Extent | xiv, 624 pages : |
| Other physical details | illustrations ; |
| Dimensions | 29 cm. |
| 504 ## - BIBLIOGRAPHY, ETC. NOTE | |
| Bibliography, etc. note | Includes bibliographical references and index. |
| 650 #0 - SUBJECT ADDED ENTRY--TOPICAL TERM | |
| Topical term or geographic name entry element | Microprocessors |
| General subdivision | Programming. |
| 650 #0 - SUBJECT ADDED ENTRY--TOPICAL TERM | |
| Topical term or geographic name entry element | Microprocessors. |
| 650 #0 - SUBJECT ADDED ENTRY--TOPICAL TERM | |
| Topical term or geographic name entry element | Computer interfaces. |
| 942 00 - ADDED ENTRY ELEMENTS (KOHA) | |
| Source of classification or shelving scheme | |
| Koha item type | Book |
| Withdrawn status | Lost status | Source of classification or shelving scheme | Damaged status | Not for loan | Permanent Location | Current Location | Shelving location | Date acquired | Full call number | Barcode | Date last seen | Copy number | Price effective from | Koha item type |
|---|---|---|---|---|---|---|---|---|---|---|---|---|---|---|
| UAP Central Library | UAP Central Library | General Stacks | 2020-01-20 | 005.26 HAL | 3010005749 | 2020-01-20 | 1 | 2020-01-20 | Book | |||||
| UAP Central Library | UAP Central Library | General Stacks | 2020-01-20 | 005.26 HAL | 3010005753 | 2020-01-20 | 2 | 2020-01-20 | Book | |||||
| UAP Central Library | UAP Central Library | General Stacks | 2020-01-20 | 005.26 HAL | 3010005745 | 2020-01-20 | 3 | 2020-01-20 | Book | |||||
| UAP Central Library | UAP Central Library | General Stacks | 2020-01-20 | 005.26 HAL | 3010005747 | 2020-01-20 | 4 | 2020-01-20 | Book | |||||
| UAP Central Library | UAP Central Library | General Stacks | 2020-01-20 | 005.26 HAL | 3010005752 | 2020-01-20 | 5 | 2020-01-20 | Book | |||||
| UAP Central Library | UAP Central Library | General Stacks | 2020-01-20 | 005.26 HAL | 3010005746 | 2020-01-20 | 6 | 2020-01-20 | Book | |||||
| UAP Central Library | UAP Central Library | General Stacks | 2020-01-20 | 005.26 HAL | 3010002368 | 2020-01-20 | 7 | 2020-01-20 | Book | |||||
| UAP Central Library | UAP Central Library | General Stacks | 2020-01-20 | 005.26 HAL | 3010005754 | 2020-01-20 | 8 | 2020-01-20 | Book | |||||
| UAP Central Library | UAP Central Library | General Stacks | 2020-01-20 | 005.26 HAL | 3010003071 | 2020-01-20 | 9 | 2020-01-20 | Book | |||||
| UAP Central Library | UAP Central Library | General Stacks | 2020-01-20 | 005.26 HAL | 3010005751 | 2020-01-20 | 10 | 2020-01-20 | Book | |||||
| UAP Central Library | UAP Central Library | General Stacks | 2020-01-20 | 005.26 HAL | 3010003070 | 2020-03-09 | 11 | 2020-01-20 | Book | |||||
| UAP Central Library | UAP Central Library | General Stacks | 2020-12-28 | 005.26 HAL | 3010003069 | 2020-12-28 | 12 | 2020-12-28 | Book | |||||
| UAP Central Library | UAP Central Library | General Stacks | 2020-12-28 | 005.26 HAL | 3010003067 | 2021-02-01 | 13 | 2020-12-28 | Book | |||||
| UAP Central Library | UAP Central Library | General Stacks | 2021-02-01 | 005.26 HAL | 3010005750 | 2021-02-01 | 14 | 2021-02-01 | Book | |||||
| UAP Central Library | UAP Central Library | General Stacks | 2021-02-01 | 005.26 HAL | 3010003068 | 2021-02-01 | 15 | 2021-02-01 | Book | |||||
| UAP Central Library | UAP Central Library | Reserve Stacks | 2021-02-01 | 005.26 HAL | 3010002367 | 2021-02-01 | 16 | 2021-02-01 | Book |
Bengali Keyboard